Land of two rivers : a history of Bengal from the Mahabharata to Mujib /

Manylion Llyfryddiaeth
Prif Awdur: Sengupta, Nitish K., 1934-
Fformat: Llyfr
Iaith:English
Cyhoeddwyd: New Delhi : Penguin Books, 2011.
Pynciau:
Classic Catalogue: View this record in Classic Catalogue
LEADER 13476nam a2200673 a 4500
001 41942
003 BD-DhAAL
005 20260127160952.0
008 231107t2011 ii abf b 001 0 eng d
010 |a  2012323781 
020 |a 9780143416784 (pbk.) 
020 |a 0143416782 (pbk.) 
025 |a I-E-2012-323781; 56-91 
040 |a DKAGE  |b eng  |c DKAGE  |d DLC  |d BD-DhAAL 
042 |a lccopycat  |a lcode 
050 0 0 |a DS485.B46  |b S475 2011 
082 0 4 |a 954.14  |2 23 
100 1 |a Sengupta, Nitish K.,  |d 1934-  |9 55773 
245 1 0 |a Land of two rivers :  |b a history of Bengal from the Mahabharata to Mujib /  |c Nitish Sengupta. 
246 |a Land of two rivers 
260 |a New Delhi :  |b Penguin Books,  |c 2011. 
300 |a xiii, 639 pages, [4] pages of plates :  |b illustrations, maps ;  |c 22 cm. 
504 |a Includes bibliographical references (pages 620-626) and index. 
526 |a GenEd (RS) AAL  |x Samia Kalim Syed Lecturer School of General Education Course Name and No.: Emergence of Bangladesh (EMB-101) 
541 |a Book Finder International, R K Corporation,  |e 41942, 41943, 41944, 41945, 41946, 42615, 42616, 42617, 42618, 42619, 42620, 42621, 42622, 42623, 42624, 45217, 45218, 45219, 45220, 45221, 45289, 45290, 45291, 45292, 45293, 45294, 45295, 45296, 45297 
651 0 |a Bengal (India)  |x History. 
852 |a Ayesha Abed Library 
942 |2 ddc  |c BK 
999 |c 42010  |d 42010 
952 |0 0  |1 0  |2 ddc  |4 0  |6 954_140000000000000_SEN  |7 0  |9 74616  |a SCL  |b SCL  |c CIR  |d 2023-10-17  |e Book Finder International  |g 1300.96  |l 101  |m 2  |o 954.14 SEN  |p 3020041945  |r 2026-05-09  |s 2026-05-07  |t 4  |v 2601.92  |w 2023-10-17  |y 4HOUR  |x As per the instruction of Dr. Tahseen H. Ali, Assistant Dean of the School of General Education, the book has been placed on a 4-hour loan for the course titled- 'Emergence of Bangladesh (EMB-101)'. 
952 |0 0  |1 0  |2 ddc  |4 0  |6 954_140000000000000_SEN  |7 0  |9 74617  |a SCL  |b SCL  |c CIR  |d 2023-10-17  |e Book Finder International  |g 1300.96  |l 113  |m 8  |o 954.14 SEN  |p 3020041942  |r 2026-02-28  |s 2025-12-15  |t 1  |v 2601.92  |w 2023-10-17  |y 4HOUR  |x As per the instruction of Dr. Tahseen H. Ali, Assistant Dean of the School of General Education, the book has been placed on a 4-hour loan for the course titled- 'Emergence of Bangladesh (EMB-101)'. 
952 |0 0  |1 0  |2 ddc  |4 0  |6 954_140000000000000_SEN  |7 0  |9 74618  |a SCL  |b SCL  |c CIR  |d 2023-10-17  |e Book Finder International  |g 1300.96  |l 71  |m 4  |o 954.14 SEN  |p 3020041944  |r 2026-04-04  |s 2026-03-05  |t 3  |v 2601.92  |w 2023-10-17  |y 4HOUR  |x As per the instruction of Dr. Tahseen H. Ali, Assistant Dean of the School of General Education, the book has been placed on a 4-hour loan for the course titled- 'Emergence of Bangladesh (EMB-101)'. 
952 |0 0  |1 0  |2 ddc  |4 0  |6 954_140000000000000_SEN  |7 0  |9 74619  |a SCL  |b SCL  |c CIR  |d 2023-10-17  |e Book Finder International  |g 1300.96  |l 108  |m 2  |o 954.14 SEN  |p 3020041946  |r 2026-04-04  |s 2026-04-04  |t 5  |v 2601.92  |w 2023-10-17  |y 4HOUR  |x As per the instruction of Dr. Tahseen H. Ali, Assistant Dean of the School of General Education, the book has been placed on a 4-hour loan for the course titled- 'Emergence of Bangladesh (EMB-101)'. 
952 |0 0  |1 0  |2 ddc  |4 0  |6 954_140000000000000_SEN  |7 0  |9 74620  |a SCL  |b SCL  |c CIR  |d 2023-10-17  |e Book Finder International  |g 1300.96  |l 151  |m 2  |o 954.14 SEN  |p 3020041943  |r 2026-04-04  |s 2026-04-04  |t 2  |v 2601.92  |w 2023-10-17  |y 4HOUR  |x As per the instruction of Dr. Tahseen H. Ali, Assistant Dean of the School of General Education, the book has been placed on a 4-hour loan for the course titled- 'Emergence of Bangladesh (EMB-101)'. 
952 |0 0  |1 0  |2 ddc  |4 0  |6 954_140000000000000_SEN  |7 0  |9 75444  |a SCL  |b SCL  |c CIR  |d 2024-05-13  |e R K Corporation  |g 1440.00  |l 110  |o 954.14 SEN  |p 3020042618  |r 2026-02-02  |s 2025-11-13  |t 9  |v 2880.00  |w 2024-05-13  |y 4HOUR  |x As per the instruction of Dr. Tahseen H. Ali, Assistant Dean of the School of General Education, the book has been placed on a 4-hour loan for the course titled- 'Emergence of Bangladesh (EMB-101)'. 
952 |0 0  |1 0  |2 ddc  |4 0  |6 954_140000000000000_SEN  |7 0  |9 75445  |a SCL  |b SCL  |c CIR  |d 2024-05-13  |e R K Corporation  |g 1440.00  |l 92  |o 954.14 SEN  |p 3020042617  |r 2026-05-09  |s 2026-05-09  |t 8  |v 2880.00  |w 2024-05-13  |y 4HOUR  |x As per the instruction of Dr. Tahseen H. Ali, Assistant Dean of the School of General Education, the book has been placed on a 4-hour loan for the course titled- 'Emergence of Bangladesh (EMB-101)'. 
952 |0 0  |1 0  |2 ddc  |4 0  |6 954_140000000000000_SEN  |7 0  |9 75446  |a SCL  |b SCL  |c GEN  |d 2024-05-13  |e R K Corporation  |g 1440.00  |l 82  |o 954.14 SEN  |p 3020042619  |r 2026-04-04  |s 2026-04-04  |t 10  |v 2880.00  |w 2024-05-13  |y BK  |x As per the instruction of Dr. Tahseen H. Ali, Assistant Dean of the School of General Education, the book has been placed on a one-hour loan for the course titled- 'Emergence of Bangladesh (EMB-101)'. 
952 |0 0  |1 0  |2 ddc  |4 0  |6 954_140000000000000_SEN  |7 0  |9 75447  |a SCL  |b SCL  |c GEN  |d 2024-05-13  |e R K Corporation  |g 1440.00  |l 84  |m 2  |o 954.14 SEN  |p 3020042621  |r 2026-05-04  |s 2026-05-04  |t 12  |v 2880.00  |w 2024-05-13  |y BK  |x As per the instruction of Dr. Tahseen H. Ali, Assistant Dean of the School of General Education, the book has been placed on a one-hour loan for the course titled- 'Emergence of Bangladesh (EMB-101)'. 
952 |0 0  |1 0  |2 ddc  |4 0  |6 954_140000000000000_SEN  |7 0  |9 75448  |a SCL  |b SCL  |c CIR  |d 2024-05-13  |e R K Corporation  |g 1440.00  |l 78  |o 954.14 SEN  |p 3020042615  |r 2026-04-04  |s 2026-04-04  |t 6  |v 2880.00  |w 2024-05-13  |y 4HOUR  |x As per the instruction of Dr. Tahseen H. Ali, Assistant Dean of the School of General Education, the book has been placed on a 4-hour loan for the course titled- 'Emergence of Bangladesh (EMB-101)'. 
952 |0 0  |1 0  |2 ddc  |4 0  |6 954_140000000000000_SEN  |7 0  |9 75449  |a SCL  |b SCL  |c CIR  |d 2024-05-13  |e R K Corporation  |g 1440.00  |l 124  |o 954.14 SEN  |p 3020042620  |r 2025-11-12  |s 2025-11-12  |t 11  |v 2880.00  |w 2024-05-13  |y 4HOUR  |x As per the instruction of Dr. Tahseen H. Ali, Assistant Dean of the School of General Education, the book has been placed on a 4-hour loan for the course titled- 'Emergence of Bangladesh (EMB-101)'. 
952 |0 0  |1 0  |2 ddc  |4 0  |6 954_140000000000000_SEN  |7 0  |9 75450  |a SCL  |b SCL  |c CIR  |d 2024-05-13  |e R K Corporation  |g 1440.00  |l 42  |m 3  |o 954.14 SEN  |p 3020042616  |r 2025-11-12  |s 2025-11-12  |t 7  |v 2880.00  |w 2024-05-13  |y 4HOUR  |x As per the instruction of Dr. Tahseen H. Ali, Assistant Dean of the School of General Education, the book has been placed on a 4-hour loan for the course titled- 'Emergence of Bangladesh (EMB-101)'. 
952 |0 0  |1 0  |2 ddc  |4 0  |6 954_140000000000000_SEN  |7 0  |9 75451  |a SCL  |b SCL  |c CIR  |d 2024-05-13  |e R K Corporation  |g 1440.00  |l 89  |o 954.14 SEN  |p 3020042623  |r 2025-11-12  |s 2025-11-12  |t 14  |v 2880.00  |w 2024-05-13  |y 4HOUR  |x As per the instruction of Dr. Tahseen H. Ali, Assistant Dean of the School of General Education, the book has been placed on a 4-hour loan for the course titled- 'Emergence of Bangladesh (EMB-101)'. 
952 |0 0  |1 0  |2 ddc  |4 0  |6 954_140000000000000_SEN  |7 0  |9 75452  |a SCL  |b SCL  |c CIR  |d 2024-05-13  |e R K Corporation  |g 1440.00  |l 62  |m 1  |o 954.14 SEN  |p 3020042622  |r 2026-04-04  |s 2026-04-04  |t 13  |v 2880.00  |w 2024-05-13  |y 4HOUR  |x As per the instruction of Dr. Tahseen H. Ali, Assistant Dean of the School of General Education, the book has been placed on a 4-hour loan for the course titled- 'Emergence of Bangladesh (EMB-101)'. 
952 |0 0  |1 0  |2 ddc  |4 0  |6 954_140000000000000_SEN  |7 0  |9 75453  |a SCL  |b SCL  |c CIR  |d 2024-05-13  |e R K Corporation  |g 1440.00  |l 77  |o 954.14 SEN  |p 3020042624  |r 2025-11-12  |s 2025-11-12  |t 15  |v 2880.00  |w 2024-05-13  |y 4HOUR  |x As per the instruction of Dr. Tahseen H. Ali, Assistant Dean of the School of General Education, the book has been placed on a 4-hour loan for the course titled- 'Emergence of Bangladesh (EMB-101)'. 
952 |0 0  |1 0  |2 ddc  |4 0  |6 954_140000000000000_SEN  |7 0  |9 78601  |a BRACUL  |b BRACUL  |c GEN  |d 2025-12-09  |e Book Finder International   |g 881.00  |l 1  |m 4  |o 954.14 SEN  |p 3010045219  |q 2026-06-02  |r 2026-04-23  |s 2026-04-23  |t 18  |v 1762.00  |w 2025-12-09  |y BK  |x Requisitioned by Samia Kalim Syed (Lecturer, of the School of General Education, for the course titled- 'Emergence of Bangladesh (EMB-101)'; 
952 |0 0  |1 0  |2 ddc  |4 0  |6 954_140000000000000_SEN  |7 0  |9 78602  |a BRACUL  |b BRACUL  |c GEN  |d 2025-12-09  |e Book Finder International   |g 881.00  |l 3  |m 6  |o 954.14 SEN  |p 3010045220  |q 2026-04-30  |r 2026-04-23  |s 2026-04-23  |t 19  |v 1762.00  |w 2025-12-09  |y BK  |x Requisitioned by Samia Kalim Syed (Lecturer, of the School of General Education, for the course titled- 'Emergence of Bangladesh (EMB-101)'; 
952 |0 0  |1 0  |2 ddc  |4 0  |6 954_140000000000000_SEN  |7 0  |9 78603  |a BRACUL  |b BRACUL  |c NEW  |d 2025-12-09  |e Book Finder International   |g 881.00  |l 1  |m 10  |o 954.14 SEN  |p 3010045218  |q 2026-05-17  |r 2026-04-05  |s 2026-04-05  |t 17  |v 1762.00  |w 2025-12-09  |y BK  |x Requisitioned by Samia Kalim Syed (Lecturer, of the School of General Education, for the course titled- 'Emergence of Bangladesh (EMB-101)'; 
952 |0 0  |1 0  |2 ddc  |4 0  |6 954_140000000000000_SEN  |7 0  |9 78604  |a BRACUL  |b BRACUL  |c GEN  |d 2025-12-09  |e Book Finder International   |g 881.00  |l 1  |m 12  |o 954.14 SEN  |p 3010045221  |r 2026-05-17  |s 2026-02-16  |t 20  |v 1762.00  |w 2025-12-09  |y BK  |x Requisitioned by Samia Kalim Syed (Lecturer, of the School of General Education, for the course titled- 'Emergence of Bangladesh (EMB-101)'; 
952 |0 0  |1 0  |2 ddc  |4 0  |6 954_140000000000000_SEN  |7 0  |9 78605  |a BRACUL  |b BRACUL  |c CIR  |d 2025-12-09  |e Book Finder International   |g 881.00  |l 0  |o 954.14 SEN  |p 3010045217  |r 2026-04-21  |t 16  |v 1762.00  |w 2025-12-09  |y 1HOUR  |x Requisitioned by Samia Kalim Syed (Lecturer, of the School of General Education, for the course titled- 'Emergence of Bangladesh (EMB-101)'; As instructed by the University Librarian, the book has been placed on a one-hour loan period following the receipt of five copies. 
952 |0 0  |1 0  |2 ddc  |4 0  |6 954_140000000000000_SEN  |7 0  |9 78706  |a SCL  |b SCL  |c CIR  |d 2026-01-14  |e Book Finder International   |g 871.00  |l 22  |o 954.14 SEN  |p 3020045296  |r 2026-04-04  |s 2026-04-04  |t 28  |v 1742.00  |w 2026-01-14  |y 4HOUR  |x As per the instruction of Dr. Tahseen H. Ali, Assistant Dean of the School of General Education, the book has been placed on a 4-hour loan for the course titled- 'Emergence of Bangladesh (EMB-101)'. 
952 |0 0  |1 0  |2 ddc  |4 0  |6 954_140000000000000_SEN  |7 0  |9 78707  |a SCL  |b SCL  |c CIR  |d 2026-01-14  |e Book Finder International   |g 871.00  |l 0  |o 954.14 SEN  |p 3020045295  |r 2026-01-14  |t 27  |v 1742.00  |w 2026-01-14  |y 4HOUR  |x As per the instruction of Dr. Tahseen H. Ali, Assistant Dean of the School of General Education, the book has been placed on a 4-hour loan for the course titled- 'Emergence of Bangladesh (EMB-101)'. 
952 |0 0  |1 0  |2 ddc  |4 0  |6 954_140000000000000_SEN  |7 0  |9 78708  |a SCL  |b SCL  |c CIR  |d 2026-01-14  |e Book Finder International   |g 871.00  |l 1  |o 954.14 SEN  |p 3020045289  |r 2026-02-01  |s 2026-02-01  |t 21  |v 1742.00  |w 2026-01-14  |y 4HOUR  |x As per the instruction of Dr. Tahseen H. Ali, Assistant Dean of the School of General Education, the book has been placed on a 4-hour loan for the course titled- 'Emergence of Bangladesh (EMB-101)'. 
952 |0 0  |1 0  |2 ddc  |4 0  |6 954_140000000000000_SEN  |7 0  |9 78709  |a SCL  |b SCL  |c CIR  |d 2026-01-14  |e Book Finder International   |g 871.00  |l 1  |o 954.14 SEN  |p 3010045298  |r 2026-02-01  |s 2026-02-01  |t 30  |v 1742.00  |w 2026-01-14  |y 4HOUR  |x As per the instruction of Dr. Tahseen H. Ali, Assistant Dean of the School of General Education, the book has been placed on a 4-hour loan for the course titled- 'Emergence of Bangladesh (EMB-101)'. 
952 |0 0  |1 0  |2 ddc  |4 0  |6 954_140000000000000_SEN  |7 0  |9 78710  |a SCL  |b SCL  |c CIR  |d 2026-01-14  |e Book Finder International   |g 871.00  |l 13  |o 954.14 SEN  |p 3020045294  |r 2026-04-04  |s 2026-04-04  |t 26  |v 1742.00  |w 2026-01-14  |y 4HOUR  |x As per the instruction of Dr. Tahseen H. Ali, Assistant Dean of the School of General Education, the book has been placed on a 4-hour loan for the course titled- 'Emergence of Bangladesh (EMB-101)'. 
952 |0 0  |1 0  |2 ddc  |4 0  |6 954_140000000000000_SEN  |7 0  |9 78711  |a SCL  |b SCL  |c CIR  |d 2026-01-14  |e Book Finder International   |g 871.00  |l 0  |o 954.14 SEN  |p 3020045290  |r 2026-01-14  |t 22  |v 1742.00  |w 2026-01-14  |y 4HOUR  |x As per the instruction of Dr. Tahseen H. Ali, Assistant Dean of the School of General Education, the book has been placed on a 4-hour loan for the course titled- 'Emergence of Bangladesh (EMB-101)'. 
952 |0 0  |1 0  |2 ddc  |4 0  |6 954_140000000000000_SEN  |7 0  |9 78712  |a SCL  |b SCL  |c CIR  |d 2026-01-14  |e Book Finder International   |g 871.00  |l 5  |o 954.14 SEN  |p 3020045292  |r 2026-02-02  |s 2026-02-02  |t 24  |v 1742.00  |w 2026-01-14  |y 4HOUR  |x As per the instruction of Dr. Tahseen H. Ali, Assistant Dean of the School of General Education, the book has been placed on a 4-hour loan for the course titled- 'Emergence of Bangladesh (EMB-101)'. 
952 |0 0  |1 0  |2 ddc  |4 0  |6 954_140000000000000_SEN  |7 0  |9 78713  |a SCL  |b SCL  |c CIR  |d 2026-01-14  |e Book Finder International   |g 871.00  |l 29  |o 954.14 SEN  |p 3020045293  |r 2026-04-04  |s 2026-04-04  |t 25  |v 1742.00  |w 2026-01-14  |y 4HOUR  |x As per the instruction of Dr. Tahseen H. Ali, Assistant Dean of the School of General Education, the book has been placed on a 4-hour loan for the course titled- 'Emergence of Bangladesh (EMB-101)'. 
952 |0 0  |1 0  |2 ddc  |4 0  |6 954_140000000000000_SEN  |7 0  |9 78714  |a SCL  |b SCL  |c CIR  |d 2026-01-14  |e Book Finder International   |g 871.00  |l 1  |o 954.14 SEN  |p 3020045297  |r 2026-02-01  |s 2026-02-01  |t 29  |v 1742.00  |w 2026-01-14  |y 4HOUR  |x As per the instruction of Dr. Tahseen H. Ali, Assistant Dean of the School of General Education, the book has been placed on a 4-hour loan for the course titled- 'Emergence of Bangladesh (EMB-101)'. 
952 |0 0  |1 0  |2 ddc  |4 0  |6 954_140000000000000_SEN  |7 0  |9 78715  |a SCL  |b SCL  |c GEN  |d 2026-01-14  |e Book Finder International   |g 871.00  |l 0  |o 954.14 SEN  |p 3020045291  |r 2026-01-14  |t 23  |v 1742.00  |w 2026-01-14  |y 4HOUR  |x As per the instruction of Dr. Tahseen H. Ali, Assistant Dean of the School of General Education, the book has been placed on a 4-hour loan for the course titled- 'Emergence of Bangladesh (EMB-101)'.